[Event "ACT-ch reserve"]
[Site "Canberra"]
[Date "1999.10.20"]
[Round "9"]
[White "Petersons, Haralds"]
[Black "Roy, Vincent"]
[Result "1-0"]
[WhiteElo "1747"]
[BlackElo "1103"]
[PlyCount "56"]
[EventDate "1999.08.??"]
[EventType "swiss"]
[EventRounds "9"]
[EventCountry "AUS"]
[SourceTitle "EXT 2001"]
[Source "ChessBase"]
[SourceDate "2000.11.22"]
[SourceVersion "1"]
[SourceVersionDate "2000.11.22"]
[SourceQuality "1"]

1. e4 c5 2. Nf3 d6 3. d4 cxd4 4. Nxd4 Nf6 5. Nc3 g6 6. Be3 Bg7 7. f3 0-0 8. Qd2 Re8 9. Bc4 Nc6 10. 0-0-0 a6 11. g4 b5 12. Nxc6 Qc7 13. Bd5 Nxd5 14. exd5 Bb7 15. Bd4 Bxc6 16. dxc6 Qxc6 17. Bxg7 Kxg7 18. Ne4 Rac8 19. Kb1 Rc7 20. h4 b4 21. h5 Rec8 22. Rh2 a5 23. hxg6 fxg6 24. Qh6+ Kf7 25. Qxh7+ Ke8 26. Qxg6+ Kd7 27. Qf5+ Kd8 28. Rh8+ Qe8 1-0

[Event "ACT-ch reserve"]
[Site "Canberra"]
[Date "1999.09.01"]
[Round "2"]
[White "Yoon, Sunny"]
[Black "Roy, Vincent"]
[Result "0-1"]
[WhiteElo "1220"]
[BlackElo "1103"]
[PlyCount "130"]
[EventDate "1999.08.??"]
[EventType "swiss"]
[EventRounds "9"]
[EventCountry "AUS"]
[SourceTitle "EXT 2001"]
[Source "ChessBase"]
[SourceDate "2000.11.22"]
[SourceVersion "1"]
[SourceVersionDate "2000.11.22"]
[SourceQuality "1"]

1. e4 c5 2. d4 cxd4 3. Qxd4 Nc6 4. Qd1 Nf6 5. Nc3 d6 6. Bg5 Be6 7. Bb5 a6 8. Bxc6+ bxc6 9. h3 Qb6 10. Rb1 g6 11. Qd2 h6 12. Bh4 Bg7 13. Nf3 g5 14. Bg3 0-0 15. 0-0 Bxa2 16. b3 Bxb1 17. Rxb1 Rfd8 18. Nd4 Nxe4 19. Nxe4 Qxd4 20. Qxd4 Bxd4 21. c3 Be5 22. Bxe5 dxe5 23. b4 a5 24. bxa5 Rxa5 25. Rb6 f5 26. Ng3 Rd1+ 27. Kh2 Raa1 28. Nxf5 Rd7 29. Rxc6 Rad1 30. Rxh6 R1d6 31. Nxd6 exd6 32. Rg6+ Kf7 33. Rxg5 Kf6 34. Rg3 d5 35. Rf3+ Ke6 36. g4 d4 37. cxd4 exd4 38. Rd3 Ke5 39. f3 Kd5 40. Kg2 Kc4 41. Rd1 Kc3 42. Re1 d3 43. Re3 Rb7 44. f4 Kd2 45. Kf3 Kc2 46. f5 d2 47. Re2 Kc1 48. Rxd2 Kxd2 49. f6 Kd3 50. Kf4 Kd4 51. g5 Kd5 52. Kf5 Kd6 53. Kg6 Ke6 54. h4 Rf7 55. h5 Rf8 56. Kg7 Rf7+ 57. Kg6 Rf8 58. h6 Rg8+ 59. Kh5 Kf7 60. h7 Rd8 61. Kh6 Rc8 62. g6+ Kxf6 63. g7 Rc1 64. Kh5 Kxg7 65. h8Q+ Kxh8 0-1